[Event "Moscow City Team-ch"]
[Site "Moscow"]
[Date "2021.09.16"]
[Round "6"]
[White "Teymurkhanly, Teymur"]
[Black "Finkelstein, Alexander"]
[Result "1/2-1/2"]
[WhiteElo "1874"]
[BlackElo "1855"]
[PlyCount "100"]
[EventDate "2021.09.11"]
[EventType "team-swiss"]
[EventRounds "7"]
[EventCountry "RUS"]
[SourceTitle "EXT 2022"]
[Source "ChessBase"]
[SourceDate "2021.10.06"]
[SourceVersion "1"]
[SourceVersionDate "2021.10.06"]
[SourceQuality "1"]

1. e4 e6 2. Qe2 Be7 3. d3 d5 4. Nf3 Nf6 5. g3 b6 6. e5 Nfd7 7. Bg2 Bb7 8. 0-0 c5 9. c4 d4 10. Nbd2 Nc6 11. Ne4 Ncxe5 12. Nxe5 Nxe5 13. Nf6+ Bxf6 14. Bxb7 Rb8 15. Bg2 0-0 16. Bf4 Nd7 17. Bxb8 Qxb8 18. f4 Re8 19. a3 Qd6 20. Rfe1 Nf8 21. Qf3 a5 22. Rab1 Ng6 23. Re2 Rf8 24. h4 Ne7 25. Bh3 Rb8 26. b4 axb4 27. axb4 cxb4 28. Reb2 Nc6 29. Bg2 Rc8 30. h5 Be7 31. h6 g6 32. Qe2 Qd8 33. Bxc6 Rxc6 34. Qe4 Rc8 35. g4 Ra8 36. g5 Ra5 37. Rxb4 Bxb4 38. Rxb4 e5 39. Rb5 Rxb5 40. cxb5 exf4 41. Qe5 Kf8 42. Kf2 f6 43. gxf6 Kf7 44. Kf1 Qxf6 45. Qc7+ Qe7 46. Qxb6 f3 47. Kf2 Qe2+ 48. Kg3 f2 49. Qc7+ Ke6 50. Qc8+ Ke7 1/2-1/2

[Event "Moscow op-A 17th"]
[Site "Moscow"]
[Date "2021.02.26"]
[Round "7"]
[White "Teiitbaev, Aktilek"]
[Black "Finkelstein, Alexander"]
[Result "1-0"]
[WhiteElo "2100"]
[BlackElo "1833"]
[PlyCount "111"]
[EventDate "2021.02.20"]
[EventType "swiss"]
[EventRounds "9"]
[EventCountry "RUS"]
[SourceTitle "CBM 200 Extra"]
[Source "ChessBase"]
[SourceDate "2021.03.31"]
[SourceVersion "1"]
[SourceVersionDate "2021.03.31"]
[SourceQuality "1"]

1. d4 d5 2. c4 e6 3. Nc3 Nf6 4. cxd5 exd5 5. Bg5 Nbd7 6. e3 Be7 7. Bd3 0-0 8. Qc2 b6 9. Nf3 Bb7 10. 0-0 c5 11. Rad1 c4 12. Bf5 a6 13. a4 Re8 14. Ne5 Nf8 15. Rfe1 h6 16. Bh4 N6d7 17. Bg3 Bf6 18. f4 Nxe5 19. dxe5 Be7 20. Nxd5 Bxd5 21. e4 Bc5+ 22. Bf2 Bb4 23. Rf1 g6 24. Rxd5 Qc7 25. Bg4 Ne6 26. g3 h5 27. Bh3 Rac8 28. Rfd1 Qc6 29. Bf1 b5 30. axb5 axb5 31. h4 Bc5 32. f5 Bxf2+ 33. Qxf2 Nc7 34. Rc5 Qxe4 35. Bg2 Qg4 36. Bf3 Qxf5 37. Bb7 Qh3 38. Bxc8 Qxc8 39. Rd6 Re7 40. Qf6 Qh3 41. Qxe7 Qxg3+ 42. Kf1 Qf3+ 43. Ke1 Qe3+ 44. Kd1 Qf3+ 45. Kc1 Qe3+ 46. Rd2 Qe1+ 47. Rd1 Qe3+ 48. Kc2 Qe2+ 49. Kc3 b4+ 50. Kxb4 Qxb2+ 51. Ka5 Qa3+ 52. Kb6 Na8+ 53. Kb7 Qb4+ 54. Kxa8 Qa4+ 55. Kb7 Qb4+ 56. Kc8 1-0